| 000 | 00718nam a2200229Ii 4500 | ||
|---|---|---|---|
| 003 | JO-AjNU | ||
| 008 | 230605s9999||||xx |||||||||||||| ||und|| | ||
| 017 | _a2006/9/2483 | ||
| 020 | _a9957-02-258-x | ||
| 040 |
_aJO-AjNU _bara _erda _cJO-AjNU |
||
| 041 | _aara | ||
| 050 | 1 | 4 | _aHQ769 .M3322 2006 |
| 100 | 3 |
_aمدانات، اوجيني ؛ راجعة ونقحه: برزة كمال, _eauthor _922580 |
|
| 245 | 0 | 0 | _aالطفولة |
| 250 | _aط1 | ||
| 264 | 3 | 1 | _aعمان: دار مجدلاوي للنشر والتوزيع، 2006 |
| 300 | _a242ص | ||
| 336 |
_atext _btxt _2rdacontent |
||
| 337 |
_aunmediated _bn _2rdamedia |
||
| 338 |
_avolume _bnc _2rdacarrier |
||
| 650 | 4 |
_aالطفولة - رعاية _922581 |
|
| 999 |
_aA8038 _c11606 _d11606 |
||